000 00481nam a2200157 i 4500
001 51114
003 ES-MaACL
005 20230906162312.0
008 030811s1976 xxu |||| | spa d
245 0 0 _aCuentos de Puerto Rico /
_cselección y notas por Moisés Ledesma.
260 _a[New York] :
_bPlus Ultra Educational,
_c[1976]
300 _a157 p. ;
_c22 cm.
650 4 _aCuentos puertorriqueños.
_911504
700 1 _aLedesma, Moisés.
_971147
852 _aES-MaACL
_jC-33453
999 _c51114
_d51114